000 01250nam2a22002291 4500
001 rc\486120
005 20250621135105.0
035 _a(NLR Aleph) 005809295
090 _a5371901
_c5371901
100 _a20030616d1986 |||y0rusy50 ca
101 0 _arus
102 _aRU
105 _ay |||||||||
200 1 _aПервоначальные химические понятия. Тема 2: Кислород. Оксиды. Горение
210 _d1986
_aБ. м.
215 _a28 с.
461 0 _1001rc\486119
_12001#$aМетодические рекомендации учителям по темам курса химии VII (VIII) класса II-летней средней школы$fАПН СССР, НИИ содерж. и методов обучения$g[Смирнова Т.В., Рысс В.Л.]$vЧ. 1: Тема 1
_95371895
_cМ.
_d1986
_fАПН СССР, НИИ содерж. и методов обучения
_nАПН СССР
_tМетодические рекомендации учителям по темам курса химии VII (VIII) класса II-летней средней школы
_vЧ. 1: Тема 1
801 0 _aRU
_bNLR
_gpsbo
801 1 _aRU
_bELAR
_2rusmarc
852 _aNLR
_j87-4/20069
942 _cBOOK
980 _aNB